000 01111nam a2200301Ia 4500
003 OSt
005 20221007121734.0
006 a|||||r|||| 00| 0
007 ta
008 221006b |||||||| |||| 00| 0 eng d
020 _cRs.495.00
024 _a6526
037 _bN R,
_cTextual
040 _aBDL
_cBDL
_beng
041 _2eng
_aeng
082 _aI,11:(E9G), P0
100 _aPratibha Devi
_9712834
245 0 _aPrinciples and methods of plant molecular biology, biochemistry and genetics by Pratibha Devi
_b Devi Pratibha
260 _aJodhpur
_bAgrobios (India)
_c2000
300 _a253p
_ccm.
500 _aIncludes bibliographical refereces; Appendix 1-5, 235-253p; ^n23/CSL/Carb/99-2000/926^d2000-03-26^mPurchase; ; 99-2000/446^b2000-03-21^c195/99^d2000-03-16^eRs.896.00^fN R Book Distributors; ; 2000-03-28^c2000-04-05^dSK^r2000-05-16
650 _a Biochemistry
650 _a Cell
_9650605
650 _aBotany
700 _a Devi Pratibha
_9712835
942 _hI,11:(E9G), P0
_cTEXL
_2CC
999 _c1209274
_d1209274